000 01039nas a2200325 4500
001 BR2016002715
003 BR-BrBNA
005 20231205130415.0
007 ta
008 230509b bl.|||p| |||| 00| 00por d
040 _aBR-BrBNA
_bpor
_cBiblioteca Nacional de Agricultura
041 _a(Pt)
072 _aF61; K10
100 1 _aCarvalho, R.P.de
100 1 _aDavide, L.M.C.
100 1 _aBorges, F.L.G.
100 1 _aDavide, A.C.
100 1 _aDaniel, O.
245 1 _aRespostas morfofisiológicas entre procedências de canafístula submetidas a diferentes condições hídricas e nutricionais
650 _aFLORESTA
650 _aESPÉCIE NATIVA
650 _aSOLO
650 _aADUBAÇÃO
650 _aIRRIGAÇÃO
650 _aPROGÊNIE
773 0 _tPesquisa Florestal Brasileira (Brazil)
_xISSN 1983-2605
_g(Jul-Sep 2015), v. 35(83) p. 179-188
_wBR2016002715
856 4 0 _uhttp://pfb.cnpf.embrapa.br/pfb/index.php/pfb/article/view/889
909 _a202311
_bLúcia
_c55
_dLúcia Elande
942 _2AGRIS
_n0
_cANA
999 _c249277
_d249277